| 000 | 00836nam a22002177a 4500 | ||
|---|---|---|---|
| 005 | 20140414033539.0 | ||
| 008 | 040727s2005 ja ab b 001 0 eng | ||
| 020 | _a9280811053 | ||
| 024 | 0 | _ceng | |
| 080 |
_a343.1 _x(73) |
||
| 245 | 0 | 0 |
_aTransformation of cities in Central and Eastern Europe/ _cedited by F.E. Ian Hamilton, Kaliopa Dimitrovska Andrews, and Nataša Pichler-Milanović. |
| 260 |
_aTokyo: _aNew York; _bUnited Nations University Press, _c2005. |
||
| 300 |
_a519 f. : _bill., maps ; _c23 cm. |
||
| 504 | _aIncludes bibliographical references and index f. 485-519 | ||
| 650 | 0 | _aProcesi penal. Hetimet dhe procedurat penale | |
| 650 | 0 | _aProcedura Penale | |
| 700 | 1 | _aHamilton, F. E. Ian. | |
| 700 | 1 | _aAndrews, Kaliopa Dimitrovska. | |
| 700 | 1 | _aPichler-Milanović, Nataša. | |
| 942 |
_2udc _cBK |
||
| 999 |
_c437 _d437 |
||